UBT Library

Intradiscal therapy : (Record no. 47257)

000 -LEADER
fixed length control field 00575cam a2200217 a 4500
001 - CONTROL NUMBER
control field 460254
005 - DATE AND TIME OF LATEST TRANSACTION
control field 20180822074352.0
008 - FIXED-LENGTH DATA ELEMENTS--GENERAL INFORMATION
fixed length control field 830120s1983 iluaf b 000 0 eng
010 ## - LIBRARY OF CONGRESS CONTROL NUMBER
LC control number 83001188
020 ## - INTERNATIONAL STANDARD BOOK NUMBER
International Standard Book Number 0815112823 :
Terms of availability $50.00
040 ## - CATALOGING SOURCE
Original cataloging agency DLC
Transcribing agency DLC
Modifying agency DLC
041 ## - LANGUAGE CODE
Language code of text/sound track or separate title eng
080 ## - UNIVERSAL DECIMAL CLASSIFICATION NUMBER
Universal Decimal Classification number 617..56061
082 00 - DEWEY DECIMAL CLASSIFICATION NUMBER
Classification number 617..56061
Edition number 19
100 1# - Rafti
Rafti 5
101 ## - Shkurtesa
Shkurtesa kir
245 10 - TITLE STATEMENT
Title Intradiscal therapy :
Statement of responsibility, etc Mark D. Brown.
504 ## - BIBLIOGRAPHY, ETC. NOTE
Bibliography, etc Bibliography: p. 129-171.
906 ## - LOCAL DATA ELEMENT F, LDF (RLIN)
a 7
b cbc
c orignew
d 1
e ocip
f 19
g y-gencatlg
942 ## - ADDED ENTRY ELEMENTS (KOHA)
Source of classification or shelving scheme
Item type Books
Holdings
Withdrawn status Lost status Source of classification or shelving scheme Damaged status Not for loan Collection code Permanent location Current location Shelving location Date acquired Total Checkouts Full call number Barcode Date last seen Price effective from Koha item type
          Koleksioni i përgjithshem UBT - Lipjan UBT - Lipjan Koleksioni i përgjithshem 08/22/2018   617..56061 BRO 002-3011305 08/22/2018 08/22/2018 Books
UBT Library © 2015-2024. All rights reserved University Education for Business and Technology